| 000 | 00390nam a22001457a 4500 | ||
|---|---|---|---|
| 999 |
_c7994 _d7994 |
||
| 003 | OSt | ||
| 005 | 20200616115735.0 | ||
| 008 | 200616b ||||| |||| 00| 0 eng d | ||
| 020 | _a9781921209680 | ||
| 082 |
_a728.37 _bLER |
||
| 110 | _aLretta Barnard(editor) | ||
| 245 | _aHome : new directions in world architecture and design | ||
| 260 |
_aAustralia _bMillennium House _c2010 |
||
| 942 | _2ddc | ||